000 00280nam a22001337a 4500
008 181122b xxu||||| |||| 00| 0 eng d
020 _a9780030520648
041 _aeng
080 _a821
100 _a22
101 _aGJL
245 _aLiterature
_cWithrop, J
942 _2udc
_cBK
999 _c52387
_d52387